Principios de derecho mercantil
Uloženo v:
| Hlavní autor: | |
|---|---|
| Médium: | Kniha |
| Jazyk: | španělština |
| Vydáno: |
Pamplona
Aranzadi
2007
|
| Vydání: | 12a. ed |
| Edice: | Colección Manuales Aranzadi
|
| Témata: | |
| Tagy: |
Přidat tag
Žádné tagy, Buďte první, kdo vytvoří štítek k tomuto záznamu!
|
MARC
| LEADER | 00000nam a2200000 a 4500 | ||
|---|---|---|---|
| 001 | UCI4729 | ||
| 003 | CL-VaPUC | ||
| 008 | 080229e20070000SP |||||||||||||||||spa|d | ||
| 020 | |a 9788483554296 | ||
| 082 | 0 | 4 | |a 346.07 |b SAN |2 21 |
| 100 | 0 | |a Sánchez Calero, Fernando |e author |9 526719 | |
| 245 | 1 | 0 | |a Principios de derecho mercantil |
| 250 | |a 12a. ed | ||
| 300 | |a 708 p | ||
| 942 | |c BK | ||
| 945 | |d 20080229 00:00:00 |a jtorresc | ||
| 260 | |a Pamplona |b Aranzadi |c 2007 | ||
| 650 | 0 | |a Derecho mercantil |9 371888 | |
| 650 | 7 | |a COMERCIO INTERNACIONAL |2 CL-VaPUC |9 526720 | |
| 650 | 0 | |a Seguridad social |9 255322 | |
| 650 | 0 | |a Contratos |9 255153 | |
| 650 | 0 | |a Derecho civil |9 255013 | |
| 650 | 0 | |a Contratos comerciales |9 374028 | |
| 583 | |a last modification |c 20130608 04:17:19 |k Rodrigo Vera | ||
| 490 | 0 | |a Colección Manuales Aranzadi | |
| 999 | |c 328575 |d 328573 | ||
| 952 | |0 0 |1 0 |4 0 |6 346_070000000000000_SAN_2007 |7 0 |8 A |9 412538 |a BIBDER |b BIBDER |d 2019-11-22 |i 4409752 |l 2 |o 346.07 SAN 2007 |p 4409752 |r 2023-05-12 |s 2023-05-12 |w 2019-11-22 |y BK |k DER | ||